00918nam a2200193 a 450000100100000000500170001000800410002704000250006808200190009310000390011224500630015126000350021430000200024950000660026995201320033595201170046795201230058499900170070700004476320201002045617.0150109s2014 dr 000 0 spa d aDO-SdBNPbspacBNPHU axxxxxxbxxxxxx1 aRodríguez Reyes, Berelise97277113aLo que tengo y nadie conoce /cBerelise Rodríguez Reyes. aSanto Domingo :bs. n.,c2014. a28 p. ;c21 cm. aIncluye datos biográficos de la autora en la contracubierta 001054708DSaGRbGRcHDd2015-01-09iLF1l0oxxxxxx xxxxxxp44763-30r2020-06-25te. 3w2020-06-25yLFDSZPréstamo en sala 0010718PDaPDbPDcHDd2015-01-09iLF1l0oxxxxxx xxxxxxp44763-10r2020-06-25w2020-06-25yLFPDZNo se presta 0010718PDaPDbPDcHDd2015-01-09iLF1l0oxxxxxx xxxxxxp44763-20r2020-06-25te. 2w2020-06-25yLFPDZNo se presta c44252d44252